Retrato del artista : obras de Tennessee Williams

Furkejuvvon:
Bibliográfalaš dieđut
Váldodahkki: Hirsch, Foster
Materiálatiipa: Girji
Giella:Undetermined
Almmustuhtton: México, Distrito Federal Noema 1981
Fáttát:
Fáddágilkorat: Lasit fáddágilkoriid
Eai fáddágilkorat, Lasit vuosttaš fáddágilkora!

MARC

LEADER 00000nam a2200000Ia 4500
008 170316s9999 xx 000 0 und d
040 |a cru BVZT 
090 |a 810 H-21r 
100 |a Hirsch, Foster 
245 |a Retrato del artista : obras de Tennessee Williams 
260 |a México, Distrito Federal 
260 |b Noema 
260 |c 1981 
300 |a 134 páginas 
650 |a LITERATURA ESTADOUNIDENSE 
650 |a TENNESSEE WILLIAMS 
999 |c 5738  |d 5738 
942 |c 15 D  |h 810 H-21r  |2 z